| 000 | 00511nam a22002177a 4500 | ||
|---|---|---|---|
| 005 | 20241125144720.0 | ||
| 008 | 180425b xxu||||| |||| 00| 0 spa d | ||
| 020 | _a9788415605782 | ||
| 041 | _aESP | ||
| 082 | _a843.89 V531c | ||
| 100 |
_aVerne, Julio _97877 |
||
| 245 | _aUn capitán de quince años | ||
| 260 | _aEspaña | ||
| 260 | _bBrontes | ||
| 260 | _c2016 | ||
| 300 | _a315 páginas | ||
| 650 | _aNOVELA FRANCESA | ||
| 650 | _aLITERATURA FRANCESA | ||
| 650 | _aAVENTURA | ||
| 942 |
_cLIT _2ddc |
||
| 999 |
_c10603 _d10603 |
||